Biggest Cities of Jagiellonian Europe in 1490 with a Map - Statistics

General Stats
  • This quiz has been taken 515 times
  • The average score is 20 of 38
Answers on the Map
Answers color-coded by a green-red scale on the quiz's map according to % correct below.
 
Answer Stats
Population City % Correct
12k Buda
97%
30k Prague
97%
30k Gdańsk
96%
5k Warsaw
96%
22k Kraków
94%
10k Pest
94%
20k Vilnius
91%
30k Nándorfehérvár (Belgrade)
87%
6k Kijevas (Kyiv)
86%
25k Breslau (Wrocław)
82%
9k Königsberg (Kaliningrad)
82%
9k Brno
80%
15k Lwów (Lviv)
79%
9k Poznań
77%
7k Pozsony (Bratislava)
75%
50k Smolenskas (Smolensk)
70%
6k Kolozsvár (Cluj-Napoca)
62%
12k Plzen
58%
9k Debrecen
55%
5k Iași
53%
12k Olomouc
42%
11k Toruń
41%
6k Brassó (Brașov)
36%
7k Szeged
36%
10k Elbląg
35%
6k Kurskas (Kursk)
34%
10k Polockas (Polotsk)
26%
9k Glogau (Głogów)
25%
8k Görlitz
23%
10k Suceava
23%
6k Härmeschtat (Sibiu)
21%
5k Jihlava
17%
5k Budissin (Bautzen)
16%
6k Nagybánya (Baia Mare)
16%
5k Neisse (Nysa)
15%
10k Kutná Hora
11%
5k Zittau
11%
6k Selmecbánya (Banská Štiavnica)
4%
No matching quizzes found
Score Distribution
Percent of People with Each Score
Percentile by Number Answered
Your Score History
You have not taken this quiz